Educación sexual integral para la educación secundaria : contenidos y propuestas para el aula /
Guardado en:
| Autor Principal: | |
|---|---|
| Formato: | Libro |
| Publicado: |
Buenos Aires :
Ministerio de Educación de la Nación,
2010
|
| Series: | Cuadernos de Esi
|
| Materias: | |
| Etiquetas: |
Agregar Etiqueta
Sin Etiquetas, Sea el primero en etiquetar este registro!
|
| LEADER | 01385nam a22002295a 4500 | ||
|---|---|---|---|
| 001 | CEM.cems014953 | ||
| 005 | 20181003171331.0 | ||
| 008 | 130507s2010##################000#0#####d | ||
| 003 | CEMS | ||
| 020 | |a 9799500007764 | ||
| 082 | 0 | 4 | |a 371.76 |
| 100 | 1 | |a Marina, Mirta | |
| 245 | 1 | 0 | |a Educación sexual integral para la educación secundaria : |b contenidos y propuestas para el aula / |c Coordinado Por Mirta Marina |
| 260 | |a Buenos Aires : |b Ministerio de Educación de la Nación, |c 2010 | ||
| 300 | |a 156 p. | ||
| 490 | 0 | |a Cuadernos de Esi | |
| 505 | 0 | |a La Educación Sexual Integral en las áreas curriculares. Ciencias Sociales. Lengua y Literatura. Ciencias Naturales. Educación para la salud -- La Educación Sexual Integral en espacios curriculares. Embarazo y adolescencia. Infecciónes de transmisión sexual: VIH/Sida. Violencia y maltrato. Vulneración de derechos y abuso sexual en la adolescencia. Recursos para los talleres -- Sugerencias para reuniones y talleres de ESI con las familias -- Diagrama de actuación frente a una situación de maltrato -- Sugerencias para trabajar con láminas de ESI | |
| 653 | |a Educación sexual integral | ||
| 653 | |a Esi | ||
| 859 | |a CEMS |b BIB. CEMS - 11 de abril |h 371.76 |i M336-1 |p 27594.18 |t Ej.1 | ||
| 859 | |a CEMS |b BIB. CEMS - 11 de abril |h 371.76 |i M336-1 |p 27595.18 |t Ej.2 | ||
| 859 | |a CEMS |b BIB. CEMS - 11 de abril |h 371.76 |i M336-1 |p 27663.18 |t Ej.3 | ||
